Deutsche YouTuber/Streamer #3 - Statistiken

Allgemein
  • Dieses Quiz wurde 103 mal gespielt
  • Das Durchschnittsergebnis liegt bei 5 aus 12
Antwortstatistiken
Bürgerlicher Name Kanal % Korrekt
Felix von der Laden Dner
85%
Maximilian Paul Karl-Heinz Knabe HandOfBlood
79%
Dominik Reezmann Reeze
68%
Erik Range Gronkh
55%
Kilian Roberto Heinrich Tanzverbot
46%
Uwe Schröder Flying Uwe
44%
Simon Wiefels ungespielt
44%
Mirko Drotschmann MrWissen2go
37%
Daniel Tjarks Taddl
27%
Katrin Vogelova Katja Krasavice
22%
Florian Diedrich LeFloid
16%
Mark Filatov Slavik Junge
8%
Keine übereinstimmenden Quizze gefunden
Verteilung der Resultate
Anzahl Personen mit jedem Resultat
Perzentil nach korrekt beantworteten Fragen
Ihre Resultats-Entwicklung
Sie haben dieses Quiz noch nicht gespielt